| 000 | 00770nam a22001937a 4500 | ||
|---|---|---|---|
| 005 | 2012013106206.0 | ||
| 010 | _a | ||
| 020 |
_c150.00 _a |
||
| 035 | _aB-180872 | ||
| 037 |
_b _adpl |
||
| 082 | _a020 | ||
| 100 |
_aवर्मा, मदन लाल _940420 |
||
| 245 | 1 |
_aपुस्तकालय- विज्ञानःएक दृष्टि में / _cमदन लाल वर्मा |
|
| 260 |
_aदिल्ली _bअनिल प्रकाशन _c2005 |
||
| 270 |
_a _b _e _k |
||
| 300 |
_a147पृ. _c22सेमी (सजिल्द) |
||
| 942 |
_adpl _cHN _k _2ddc _h020 _mवर्माम |
||
| 999 |
_c61703 _d61703 |
||